|
|
|
|
| LEADER |
01381nam a2200301 a 4500 |
| 001 |
11331 |
| 003 |
BD-DhAAL |
| 008 |
090819s1998 nyua 000 0 eng d |
| 999 |
|
|
|c 3294
|d 3294
|
| 010 |
|
|
|a 00051679
|
| 020 |
|
|
|a 01943548038
|
| 040 |
|
|
|a DLC
|c DLC
|d DLC
|d BD-DhAAL
|
| 082 |
0 |
0 |
|a 428.24
|2 21
|
| 100 |
1 |
|
|a Soars, Liz,
|d 1945-
|9 40495
|
| 245 |
1 |
0 |
|a New headway english course /
|c Liz and John Soars.
|
| 260 |
|
|
|a New York :
|b Oxford University Press,
|c 1998.
|
| 300 |
|
|
|a vii, 154 p. :
|b ill. (chiefly col.) ;
|c 28 cm.
|
| 500 |
|
|
|a Upper intermediate teacher's book.
|
| 541 |
1 |
|
|e 00012739
|
| 650 |
|
0 |
|a English language
|v Textbooks for foreign speakers.
|9 40496
|
| 650 |
|
0 |
|a English language
|z United States
|v Problems, exercises, etc.
|9 40497
|
| 650 |
|
0 |
|a English language
|x Grammar
|v Problems, exercises, etc.
|9 40498
|
| 650 |
|
0 |
|a Vocabulary
|v Problems, exercises, etc.
|9 40499
|
| 700 |
1 |
|
|a Soars, John,
|d 1951-
|9 40500
|
| 852 |
4 |
|
|a Ayesha Abed Library
|j General Stacks
|
| 942 |
|
|
|2 ddc
|c BK
|
| 952 |
|
|
|0 0
|1 0
|2 ddc
|4 0
|6 428_007000000000000_SOA
|7 0
|9 2986
|a BRACUL
|b BRACUL
|c GEN
|d 2009-08-31
|g 0.00
|l 1
|m 2
|o 428.007 SOA
|p 3010012739
|r 2018-02-18
|s 2017-04-20
|t 1
|w 2009-08-31
|y BK
|x No price found in the accession register.
|
| 952 |
|
|
|0 0
|1 0
|2 ddc
|4 0
|6 428_007000000000000_SOA_1999
|7 0
|9 9679
|a BRACUL
|b BRACUL
|c GEN
|d 2010-05-03
|l 9
|m 32
|o 428.007 SOA
|p 3010011331
|r 2022-10-18
|s 2022-10-11
|t 2
|w 2010-05-03
|y BK
|